000 00371nam a2200145Ia 4500
008 230917s9999||||xx |||||||||||||| ||und||
040 _e194050
_aMAIN
041 _aEnglish
082 _a005.1 K129P
100 _aKamthane, Ashok N
245 0 _aProgramming and data structures
260 _aNew Delhi
_bPearson Education
_c2004
300 _axii, 588 p.
942 _cBK
999 _c157822
_d157822